| 000 | 00521nam a22002057a 4500 | ||
|---|---|---|---|
| 999 |
_c7699 _d7699 |
||
| 003 | OSt | ||
| 005 | 20220217104053.0 | ||
| 008 | 220217b ||||| |||| 00| 0 eng d | ||
| 020 | _a978-1-4200-7280-8 | ||
| 040 | _cDDC | ||
| 082 | _a631.42 TAN 2009 | ||
| 100 |
_aTan,Kim H _912903 |
||
| 245 | _aEnvironmental soil Science | ||
| 250 | _a3rd ed. | ||
| 260 |
_aNewyork: _bTaylor & Francis, _cC 2009 |
||
| 300 |
_aXXXV,557p. _c; 25 cm |
||
| 504 | _areferences index | ||
| 650 |
_aSoil science _915310 |
||
| 942 |
_2ddc _cBOOK |
||